ბათუმის შოთა რუსთაველის სახელმწიფო უნივერსიტეტის ბიბლიოთეკა

Организация и планирование производства. Управление нефтеперерабатывающими и нефтехимическими предприятиями. (ბიბ.ჩანაწერი № 38378)

000 -LEADER
fixed length control field 00883nam a2200229Ia 4500
001 - CONTROL NUMBER
control field 4388
003 - CONTROL NUMBER IDENTIFIER
control field GE_BSU
008 - FIXED-LENGTH DATA ELEMENTS--GENERAL INFORMATION
fixed length control field 181216s||||||||xx |||||||||||||| ||und||
020 ## - INTERNATIONAL STANDARD BOOK NUMBER
International Standard Book Number 5724500108
040 ## - CATALOGING SOURCE
Transcribing agency GE_BSU
080 ## - UNIVERSAL DECIMAL CLASSIFICATION NUMBER
Universal Decimal Classification number 665.63+66+658(075.8)
100 ## - MAIN ENTRY--PERSONAL NAME
Personal name Злотникова,Л.Г. Колосков,В.А. Лобанская,Л.П. и др.
245 ## - TITLE STATEMENT
Title Организация и планирование производства. Управление нефтеперерабатывающими и нефтехимическими предприятиями.
245 ## - TITLE STATEMENT
Remainder of title Учебник для вузов.
250 ## - EDITION STATEMENT
Edition statement 2-е изд. перераб. и доп.
260 ## - PUBLICATION, DISTRIBUTION, ETC.
Place of publication, distribution, etc. М.
260 ## - PUBLICATION, DISTRIBUTION, ETC.
Name of publisher, distributor, etc. Химия.
260 ## - PUBLICATION, DISTRIBUTION, ETC.
Date of publication, distribution, etc. 1988.
300 ## - PHYSICAL DESCRIPTION
Extent 320 стр. 21 см.
653 ## - INDEX TERM--UNCONTROLLED
Uncontrolled term Организация и планирование производства.
942 ## - ADDED ENTRY ELEMENTS (KOHA)
Koha item type წიგნი
ეგზემპლარები
Withdrawn status Lost status Damaged status Not for loan Date acquired Barcode Date last seen Price effective from Koha item type Public note
        2018-12-17 9535 2018-12-17 2018-12-17 წიგნი საცავი